Statistical thermodynamics of simple liquids and their mixtures /

Guardado en:
Autor Principal: Boublík, Tomáés.
Otros Autores: Nezbeda, Ivo., Hlavatý, Karel.
Formato: Libro
Idioma:English
Czech
Publicado: Amsterdam : New York : Elsevier ; Distribution for USA and Canada, Elsevier/North-Holland, 1980.
Series:Studies in physical and theoretical chemistry ; 2
Materias:
Etiquetas: Agregar Etiqueta
Sin Etiquetas, Sea el primero en etiquetar este registro!
LEADER 01148pam a22003015a 4500
001 EIQ.libpla000637
008 780914s1980####ne#a#####b####001#0#eng#d
005 20060417174308.0
245 1 0 |a Statistical thermodynamics of simple liquids and their mixtures /  |c by Tomáés Boublík, Ivo Nezbeda, Karel Hlavatý. 
260 |a Amsterdam :  |b Elsevier ;  |a New York :  |b Distribution for USA and Canada, Elsevier/North-Holland,  |c 1980. 
300 |a 145 p. :  |b il. ;  |c 25 cm. 
440 0 |a Studies in physical and theoretical chemistry ;  |v 2 
504 |a Bibliografía: p. [139]-142. 
500 |a Incluye índice. 
020 |a 0444997849 
100 1 |a Boublík, Tomáés. 
700 1 |a Nezbeda, Ivo. 
700 1 |a Hlavatý, Karel. 
082 0 0 |a 541/.369 
650 4 |a Liquidos  |x Propiedades térmicas. 
650 4 |a Solution (Química)  |x Teoría. 
650 4 |a Solution (Chemistry)  |x Theory. 
650 0 |a Liquids  |x Thermal properties. 
010 |a  78010886  
040 |a DLC  |c DLC  |d AR-BbSID 
041 1 |a eng  |h cze 
859 |a AR-BbSID  |b BIB. PLAPIQUI  |h 541.369  |i B 66  |p 3345  |t Ej. 1  |v Ej. 1 
859 |a AR-BbSID  |b BIB. PLAPIQUI  |h 541.369  |i B 66  |p 436  |t Ej. 2  |v Ej. 2